| 000 | 00632nab a2200181 4500 | ||
|---|---|---|---|
| 001 | 244442 | ||
| 003 | OSt | ||
| 005 | 20230726120119.0 | ||
| 007 | tu | ||
| 008 | 200917s2020||||||| | ||
| 040 |
_aDE-2950 _cDE-2950 |
||
| 245 | 0 | 0 |
_aSchulbaustellen im Sommer. _bArbeiten. Marode Turnhallen, wenig Platz für die Lernenden - an den Bildungseinrichtungen in Frankfurt gibt es im wahrsten Sinne des Wortes einige Baustellen/ _cLisa Mahlke |
| 264 | _c2023 | ||
| 653 | _a'Frankfurt (Oder) | ||
| 653 | _aSchulbaustellen | ||
| 773 | 0 |
_g34. Jahrgang (2023) Nr. 153 vom 04.07.2023, S. 15 , mit Foto _tMärkische Oderzeitung |
|
| 942 |
_2z _cA |
||
| 999 |
_c372623 _d372623 |
||